Szczegóły MARC21

Rilke Projekt : In meinem wilden Herzen /

001 -Numer kontrolny rekordu [,]
    • @
    • pole kontrolne
    • xx005488657
003 -Nazwa instytucji [,]
    • @
    • pole kontrolne
    • NUKAT
005 -Data i czas ostatniej zmiany [,]
    • @
    • Data ostatniej zmiany
    • 20241231112110.0
007 -Forma fizyczna dokumentu dźwiękowego [,]
    • @
    • Forma fizyczna dokumentu dźwiękowego
    • sd fsngnnmmned
008 -Pole stałej długości [,]
    • @
    • pole
    • 230118s2002 gw nnnngq f n ger c
020 -Międzynarodowy znormalizowany numer książki - ISBN [ , ]
    • a
    • Numer ISBN
    • 9783898137614 Find
035 -Inne numery kontrolne [ , ]
    • a
    • Numer kontrolny
    • (OCoLC)1369090583
040 -Instytucja sporządzająca opis [ , ]
    • c
    • Instytucja, która sporządziła rekord (NP)
    • SZCZ U/KPs
920 -ISBN [ , ]
    • a
    • ISBN
    • 978-3-89813-761-4 Find
942 -Rodzaj dokumentu [ , ]
    • c
    • Rodzaj dokumentu
    • Dokument Dźwiękowy - płyta
100 -Hasło główne - nazwa osobowa [1, ]
    • a
    • Nazwa osobowa (NP)
    • Rilke, Rainer Maria
    • d
    • Daty biograficzne (NP)
    • (1875-1926).
    • e
    • RRodzaj współpracy
    • Autor
245 -Strefa tytułu i oznaczenia odpowiedzialności [1,0]
    • a
    • Tytuł
    • Rilke Projekt :
    • b
    • Ciąg dalszy tytułu (NP)
    • In meinem wilden Herzen /
    • c
    • Pozostałe elementy strefy tytułu i oznaczenia odpowiedzialności (NP)
    • Texte und Gedichte Rainer Maria Rilke ; produziert, komponiert und arrangiert von Richard Schönherz & Angelica Fleer.
260 -Strefa adresu wydawniczego [ , ]
    • a
    • Miejsce wydania (P)
    • München :
    • b
    • Nazwa wydawcy (P)
    • BMG Ariola Classics,
    • c
    • Data wydania (P)
    • © 2002.
300 -Strefa opisu fizycznego [ , ]
    • a
    • Określenie formy książki i/lub objętość (NP)
    • 1 płyta CD (57 min) :
    • b
    • Inne szczegóły opisu fizycznego (NP)
    • digital, stereo ;
    • c
    • Format (NP)
    • 12 cm +
    • e
    • Oznaczenie dokumentu towarzyszącego (NP)
    • Broszura.
306 -Czas nagrania [ , ]
    • a
    • Czas nagrania
    • 057000
336 -Typ zawartości [ , ]
    • a
    • Termin określający typ nośnika
    • Słowo mówione
    • b
    • Kod określający zawartość
    • spw
    • 2
    • Źródło (termin i kod)
    • rdacontent
337 -Typ mediów [ , ]
    • a
    • Tryb odtwarzania
    • Audio
    • b
    • Kod typu nośnika
    • s
    • 2
    • Źródło (termin i kod)
    • rdamedia
338 -Typ/rodzaj nośnika [ , ]
    • a
    • Hasło opisujące typ nośnika
    • Płyta audio
    • b
    • Kod typu nośnika
    • sd
    • 2
    • Źródło (termin i kod)
    • rdacarrier
600 -Hasło przedmiotowe - nazwa osobowa [1,7]
    • a
    • Nazwa osobowa
    • Rilke, Rainer Maria
    • d
    • Daty biograficzne
    • (1875-1926)
655 -Hasło przedmiotowe - forma [ ,7]
    • a
    • Określenie rzeczowe
    • Książki mówione
    • z
    • Określnik geograficzny
    • Niemcy
    • y
    • Określnik chronologiczny
    • 1990-.
655 -Hasło przedmiotowe - forma [ ,7]
    • a
    • Określenie rzeczowe
    • Poezja niemiecka
    • y
    • Określnik chronologiczny
    • 20 w.
700 -Hasło dodatkowe - nazwa osobowa [1, ]
    • a
    • Nazwa osobowa (NP)
    • Schönherz, Richard
    • d
    • Daty biograficzne (NP)
    • (1947- ).
    • e
    • Określenie rodzaju współpracy (NP)
    • Redakcja
700 -Hasło dodatkowe - nazwa osobowa [1, ]
    • a
    • Nazwa osobowa (NP)
    • Fleer, Angelica
    • d
    • Daty biograficzne (NP)
    • (1958- ).
    • e
    • Określenie rodzaju współpracy (NP)
    • Redakcja
710 -Hasło dodatkowe - nazwa ciała zbiorowego [2, ]
    • a
    • Nazwa ciała zbiorowego lub nazwa geograficzna jako pierwszy element (NP)
    • Bertelsmann Music Group.
    • e
    • Rodzaj współpracy
    • Wydawca
    • 9
    • KHW
    • 667164
Cena Data inwentaryzacji Sposób nabycia Kierowanie Numer inwentarzowy Sygnatura Data wprowadzenia opisu Kod kreskowy Status udostępniania Akcesja
10.002023-03-14dBMAd.3037Germ. Audiobooki 962022-02-042005020030370-322d103/10